Química: físico-química
Guardat en:
| Autor principal: | |
|---|---|
| Format: | Llibre |
| Idioma: | portuguès |
| Publicat: |
Sao Paulo
Scipione
1991
|
| Edició: | 5a. ed |
| Col·lecció: | Volume 2
|
| Matèries: | |
| Etiquetes: |
Afegir etiqueta
Sense etiquetes, Sigues el primer a etiquetar aquest registre!
|
MARC
| LEADER | 00000nam a2200000 a 4500 | ||
|---|---|---|---|
| 001 | UCH6154 | ||
| 003 | CL-VaPUC | ||
| 008 | 091109e19910000BL |||||||||||||||||por|d | ||
| 020 | |a 8526211935 | ||
| 082 | 0 | 4 | |a 541.3 |b GAL |2 21 |
| 100 | |a Gallo Netto, Carmo |e author |9 543018 | ||
| 245 | 1 | 0 | |a Química: físico-química |
| 250 | |a 5a. ed | ||
| 300 | |a 407 p | ||
| 942 | |c BK | ||
| 945 | |d 20091109 00:00:00 |a ccalabra | ||
| 260 | |a Sao Paulo |b Scipione |c 1991 | ||
| 650 | 0 | |a Educación |9 258661 | |
| 650 | 0 | |a Química |9 259896 | |
| 650 | 7 | |a TEXTO DE ESTUDIO |2 CL-VaPUC |9 542550 | |
| 650 | 0 | |a Termoquímica |9 337401 | |
| 650 | 0 | |a Termodinámica |9 259320 | |
| 650 | 7 | |a TERMODINAMICA QUIMICA |2 CL-VaPUC |9 338568 | |
| 650 | 0 | |a Cinética |9 260943 | |
| 650 | 0 | |a Electroquímica |9 263973 | |
| 650 | 0 | |a Radioactividad |9 366299 | |
| 583 | |a last modification |c 20091109 00:00:00 |k Rodrigo Vera | ||
| 490 | 0 | |a Volume 2 | |
| 999 | |c 337105 |d 337103 | ||